[Event "CUB-ch 60th"]
[Site "Holguin"]
[Date "2024.02.07"]
[Round "3"]
[White "Tamame Soria, Cesar Manuel"]
[Black "Otero Marino, Alain"]
[Result "0-1"]
[WhiteElo "2229"]
[BlackElo "2212"]
[PlyCount "129"]
[EventDate "2024.02.05"]
[EventType "swiss"]
[EventRounds "10"]
[EventCountry "CUB"]
[SourceTitle "CB10_2024"]
[SourceDate "2024.03.06"]
[SourceVersion "1"]
[SourceVersionDate "2024.03.06"]
[SourceQuality "1"]

1. e4 e5 2. Nf3 Nc6 3. Bb5 a6 4. Ba4 Nf6 5. Qe2 Be7 6. c3 b5 7. Bb3 0-0 8. 0-0 d5 9. d3 dxe4 10. dxe4 Bb7 11. Nbd2 Bd6 12. Nh4 Ne7 13. Bc2 h6 14. Re1 Re8 15. Nf1 Ng6 16. Nxg6 fxg6 17. Bb3+ Kh7 18. Ng3 Rf8 19. h3 Qe8 20. Bc2 Rd8 21. Be3 Qe7 22. a4 b4 23. a5 bxc3 24. bxc3 Bc5 25. Reb1 Bxe3 26. Qxe3 Bc8 27. Bd3 Nd7 28. Rd1 Rf6 29. Bc4 Rdf8 30. Ra2 Nc5 31. Rad2 Nb7 32. Ra1 Nc5 33. Rad1 Nb7 34. Ra1 Nc5 35. Rad1 Be6 36. Bxe6 Nxe6 37. Ra1 Nf4 38. Nf1 Rc6 39. Kh2 Qe6 40. Rb1 Qc4 41. Rc1 Qa4 42. g3 Ne6 43. Rd5 Ng5 44. c4 Rcf6 45. Kg2 Rxf2+ 46. Qxf2 Rxf2+ 47. Kxf2 Nxe4+ 48. Ke3 Nd6 49. Rdd1 Qa3+ 50. Kf2 Ne4+ 51. Kg1 Qc5+ 52. Kg2 Qf2+ 53. Kh1 Nxg3+ 54. Nxg3 Qxg3 55. c5 e4 56. Re1 Qxh3+ 57. Kg1 Qg3+ 58. Kh1 h5 59. Re2 Qf3+ 60. Rg2 g5 61. Rcc2 e3 62. Kg1 g4 63. c6 g3 64. Rge2 h4 65. Re1 0-1

[Event "Nizami Ganjavi 880 years U17"]
[Site "Tornelo INT"]
[Date "2021.04.04"]
[Round "9.12"]
[White "Tamame Soria, Cesar Manuel"]
[Black "Pusara, Mihailo"]
[Result "1-0"]
[WhiteElo "2057"]
[BlackElo "1507"]
[PlyCount "59"]
[EventDate "2021.04.02"]
[EventType "team-swiss (blitz)"]
[EventRounds "9"]
[EventCountry "AZE"]
[SourceTitle "EXT 2023"]
[Source "ChessBase"]
[SourceDate "2022.10.05"]
[SourceVersion "1"]
[SourceVersionDate "2022.10.05"]
[SourceQuality "1"]
[WhiteTeam "Cuba Masters"]
[BlackTeam "Montenegro"]
[WhiteTeamCountry "CUB"]
[BlackTeamCountry "MNE"]

1. e4 c5 2. Nf3 d6 3. d4 cxd4 4. Nxd4 Nf6 5. Nc3 a6 6. Rg1 h5 7. h3 b5 8. g4 hxg4 9. hxg4 b4 10. g5 bxc3 11. gxf6 gxf6 12. bxc3 Qc7 13. c4 Bb7 14. Bd3 Nc6 15. Nxc6 Bxc6 16. Be3 Bh6 17. Bxh6 Rxh6 18. Rg8+ Kd7 19. Qg4+ e6 20. Ke2 Qb6 21. Qg7 Rxg8 22. Qxf7+ Kd8 23. Qxg8+ Be8 24. Qxe6 Qd4 25. Rb1 Bh5+ 26. f3 Bxf3+ 27. Kxf3 Kc7 28. Qe7+ Kc8 29. Qf8+ Kc7 30. Qxh6 1-0

[Event "Santiago de Cuba Province-ch tt"]
[Site "Santiago de Cuba"]
[Date "2018.10.11"]
[Round "4.3"]
[White "Tamame Soria, Cesar Manuel"]
[Black "Mora Preval, Jairon Humberto"]
[Result "1/2-1/2"]
[WhiteElo "1785"]
[BlackElo "1787"]
[PlyCount "24"]
[EventDate "2018.10.09"]
[EventType "team-tourn"]
[EventRounds "10"]
[EventCountry "CUB"]
[SourceTitle "EXT 2021"]
[Source "ChessBase"]
[SourceDate "2020.10.23"]
[SourceVersion "1"]
[SourceVersionDate "2020.10.23"]
[SourceQuality "1"]

1. d4 d5 2. Nf3 Nf6 3. e3 e6 4. c4 c5 5. cxd5 exd5 6. Be2 Nc6 7. Nc3 cxd4 8. exd4 Bd6 9. 0-0 0-0 10. Bd3 Re8 11. Be3 h6 12. Re1 Be6 1/2-1/2

[Event "CUB Cup Ventana Sur"]
[Site "Bayamo"]
[Date "2018.08.24"]
[Round "9.2"]
[White "Tamame Soria, Cesar Manuel"]
[Black "Corona Del Prado, David Alejandro"]
[Result "1-0"]
[WhiteElo "1785"]
[BlackElo "1891"]
[PlyCount "156"]
[EventDate "2018.08.20"]
[EventType "team-tourn"]
[EventRounds "10"]
[EventCountry "CUB"]
[SourceTitle "CBM 195 Extra"]
[Source "ChessBase"]
[SourceDate "2020.05.31"]
[SourceVersion "1"]
[SourceVersionDate "2020.05.31"]
[SourceQuality "1"]

1. d4 d5 2. Nf3 Nf6 3. e3 e6 4. Bd3 Bd6 5. Nbd2 Nbd7 6. e4 dxe4 7. Nxe4 0-0 8. Nxd6 cxd6 9. 0-0 b6 10. c4 Bb7 11. Bc2 Ba6 12. b3 d5 13. Bd3 Rc8 14. Qc2 b5 15. c5 Nb8 16. b4 Nc6 17. a3 Rb8 18. Bg5 h6 19. Bf4 Nd7 20. Bxb8 Qxb8 21. Rfe1 Qf4 22. Rad1 Kh8 23. Qd2 Qf6 24. Bf1 Rb8 25. Qe3 Bc8 26. Ne5 Ndxe5 27. dxe5 Qe7 28. Qc3 Bd7 29. Bd3 Qe8 30. Bc2 Ne7 31. Qd3 Ng6 32. h4 Qe7 33. h5 Nf8 34. Re3 Qg5 35. Qe2 Nh7 36. Rd4 Qe7 37. Rg3 f5 38. f4 Be8 39. Rh3 Qc7 40. g4 fxg4 41. Qxg4 Nf8 42. Rd2 Rb7 43. Re2 a5 44. f5 axb4 45. axb4 Qe7 46. Rf2 exf5 47. Qxf5 Bf7 48. Rhf3 Kg8 49. Rg3 Qh4 50. Qg4 Qxg4 51. Rxg4 Bxh5 52. Rd4 Bf7 53. Bb3 Ng6 54. Rxf7 Rxf7 55. Bxd5 Nxe5 56. Bxf7+ Kxf7 57. Rd6 Ke7 58. Rb6 h5 59. Rxb5 g5 60. Rb6 h4 61. Rh6 Nd3 62. Rh7+ Kd8 63. Rb7 g4 64. Kg2 Nf4+ 65. Kf2 Nd3+ 66. Kg1 Kc8 67. Rg7 Nxb4 68. Rxg4 Na6 69. Rxh4 Kc7 70. Rh5 Kc6 71. Rh6+ Kb7 72. Rb6+ Ka7 73. Rb5 Nc7 74. Rb2 Ka6 75. c6 Nd5 76. Kf2 Ka7 77. Kf3 Ka8 78. Ke4 Nc7 1-0

[Event "CUB Cup Ventana Sur"]
[Site "Bayamo"]
[Date "2018.08.22"]
[Round "5.2"]
[White "Tamame Soria, Cesar Manuel"]
[Black "Fuentes De Feria, Hector Luis"]
[Result "1/2-1/2"]
[WhiteElo "1785"]
[BlackElo "1845"]
[PlyCount "71"]
[EventDate "2018.08.20"]
[EventType "team-tourn"]
[EventRounds "10"]
[EventCountry "CUB"]
[SourceTitle "CBM 195 Extra"]
[Source "ChessBase"]
[SourceDate "2020.05.31"]
[SourceVersion "1"]
[SourceVersionDate "2020.05.31"]
[SourceQuality "1"]

1. d4 Nf6 2. Nf3 g6 3. Bf4 Bg7 4. h3 d6 5. e3 0-0 6. Be2 c6 7. 0-0 Nbd7 8. c4 Re8 9. Nc3 c5 10. d5 Qb6 11. Qc2 a6 12. Rfd1 Qc7 13. Bh2 b6 14. a4 Bb7 15. Kf1 Rad8 16. Rac1 Nf8 17. Kg1 e6 18. e4 e5 19. b3 Bh6 20. Rb1 Nh5 21. g4 Nf4 22. Bxf4 Bxf4 23. Bd3 Qe7 24. Ne2 Qf6 25. Kg2 Bc8 26. Nxf4 Qxf4 27. Qd2 Qxd2 28. Nxd2 a5 29. Nf1 f5 30. f3 f4 31. Nd2 g5 32. Kf2 Ng6 33. Nf1 Nh4 34. Nd2 Rd7 35. Rh1 Rg7 36. Rbg1 1/2-1/2

[Event "CUB Cup Ventana Sur"]
[Site "Bayamo"]
[Date "2018.08.20"]
[Round "1.3"]
[White "Mora Preval, Jairon Humberto"]
[Black "Tamame Soria, Cesar Manuel"]
[Result "1/2-1/2"]
[WhiteElo "1806"]
[BlackElo "1785"]
[PlyCount "39"]
[EventDate "2018.08.20"]
[EventType "team-tourn"]
[EventRounds "10"]
[EventCountry "CUB"]
[SourceTitle "CBM 195 Extra"]
[Source "ChessBase"]
[SourceDate "2020.05.31"]
[SourceVersion "1"]
[SourceVersionDate "2020.05.31"]
[SourceQuality "1"]

1. e4 e6 2. d4 d5 3. exd5 exd5 4. Bd3 Bd6 5. Nf3 Qe7+ 6. Qe2 Qxe2+ 7. Bxe2 Bg4 8. h3 Bxf3 9. Bxf3 Nf6 10. 0-0 0-0 11. Nc3 c6 12. Bd2 Nbd7 13. Rfe1 Rfe8 14. Rxe8+ Rxe8 15. Re1 Rxe1+ 16. Bxe1 h6 17. Kf1 Kf8 18. Ke2 Ke7 19. Bd2 b5 20. a3 1/2-1/2

[Event "Capablanca Memorial U15 2nd"]
[Site "Havana"]
[Date "2018.05.19"]
[Round "7"]
[White "Venero Noda, Massiel"]
[Black "Tamame Soria, Cesar Manuel"]
[Result "1/2-1/2"]
[WhiteElo "1769"]
[BlackElo "1799"]
[PlyCount "26"]
[EventDate "2018.05.14"]
[EventType "swiss"]
[EventRounds "7"]
[EventCountry "CUB"]
[SourceTitle "EXT 2021"]
[Source "ChessBase"]
[SourceDate "2020.10.23"]
[SourceVersion "1"]
[SourceVersionDate "2020.10.23"]
[SourceQuality "1"]

1. e4 d5 2. exd5 Nf6 3. c4 c6 4. d4 cxd5 5. Nc3 Bf5 6. Nf3 e6 7. Be2 h6 8. Bf4 Bb4 9. Bxb8 Bxc3+ 10. bxc3 Rxb8 11. Qa4+ Qd7 12. Qxd7+ Kxd7 13. Ne5+ Ke7 1/2-1/2

[Event "Capablanca Memorial U15 2nd"]
[Site "Havana"]
[Date "2018.05.18"]
[Round "6"]
[White "Tamame Soria, Cesar Manuel"]
[Black "Perez Hernandez, Kendry"]
[Result "1-0"]
[WhiteElo "1799"]
[BlackElo "1656"]
[PlyCount "45"]
[EventDate "2018.05.14"]
[EventType "swiss"]
[EventRounds "7"]
[EventCountry "CUB"]
[SourceTitle "EXT 2021"]
[Source "ChessBase"]
[SourceDate "2020.10.23"]
[SourceVersion "1"]
[SourceVersionDate "2020.10.23"]
[SourceQuality "1"]

1. d4 Nf6 2. Nf3 e6 3. e3 d5 4. Bd3 c5 5. b3 Nc6 6. Bb2 Be7 7. Nbd2 Bd7 8. 0-0 Qc7 9. a3 0-0-0 10. c4 h5 11. cxd5 exd5 12. dxc5 Bxc5 13. b4 Be7 14. Rc1 a6 15. b5 axb5 16. Bxb5 Rdg8 17. Qa4 Kd8 18. Ne5 Ke8 19. Nxc6 Bxc6 20. Bxc6+ bxc6 21. Rxc6 Qd7 22. Nf3 Ne4 23. Ne5 1-0

[Event "Capablanca Memorial U15 2nd"]
[Site "Havana"]
[Date "2018.05.17"]
[Round "5"]
[White "Novo Castellon, Jonathan"]
[Black "Tamame Soria, Cesar Manuel"]
[Result "1/2-1/2"]
[WhiteElo "1774"]
[BlackElo "1799"]
[PlyCount "29"]
[EventDate "2018.05.14"]
[EventType "swiss"]
[EventRounds "7"]
[EventCountry "CUB"]
[SourceTitle "EXT 2021"]
[Source "ChessBase"]
[SourceDate "2020.10.23"]
[SourceVersion "1"]
[SourceVersionDate "2020.10.23"]
[SourceQuality "1"]

1. e4 d5 2. exd5 Nf6 3. d4 Nxd5 4. Bc4 Nb6 5. Bb3 Bf5 6. Be3 e6 7. Nc3 Bb4 8. Nge2 0-0 9. a3 Be7 10. 0-0 N8d7 11. d5 exd5 12. Nxd5 c6 13. Nxe7+ Qxe7 14. Ng3 Bg6 15. Bf4 1/2-1/2

[Event "Ciudad Heroe op"]
[Site "Santiago de Cuba"]
[Date "2018.02.21"]
[Round "7"]
[White "Calderin Rubio, Nayira"]
[Black "Tamame Soria, Cesar Manuel"]
[Result "1-0"]
[WhiteElo "2019"]
[BlackElo "1846"]
[PlyCount "47"]
[EventDate "2018.02.15"]
[EventType "swiss"]
[EventRounds "7"]
[EventCountry "CUB"]
[SourceTitle "EXT 2021"]
[Source "ChessBase"]
[SourceDate "2020.10.23"]
[SourceVersion "1"]
[SourceVersionDate "2020.10.23"]
[SourceQuality "1"]

1. d4 Nf6 2. Nf3 e6 3. Bg5 d5 4. e3 Nbd7 5. Bd3 Be7 6. 0-0 0-0 7. Nbd2 c5 8. c3 b6 9. Ne5 Bb7 10. f4 Ne4 11. Bxe7 Qxe7 12. Rf3 f5 13. Rh3 Rf6 14. Ndf3 Nxe5 15. Nxe5 Rc8 16. g4 Rh6 17. Rxh6 gxh6 18. gxf5 exf5 19. Qh5 Qg7+ 20. Kf1 Rf8 21. Bxe4 fxe4 22. Kf2 Kh8 23. Rg1 Qf6 24. Nd7 1-0